Statystyki dla Państwa, które wygrały Mistrzostwa Świata w hokeju na lodzie.

Kliknij tutaj aby rozwiązać quiz!

Ogólne statystyki

  • Ten quiz został rozwiązany 1 707 razy
  • Średni wynik to 63 z 80

Statystyki odpowiedzi

RokKraj% Poprawnych
1920 | 1924 | 1928 | +23 othersKanada
99%
1933 | 1960Stany Zjednoczone
99%
1993 | 2008 | 2009 | +2 othersRosja
96%
1953 | 1957 | 1962 | +6 othersSzwecja
92%
1995 | 2011Finlandia
89%
1996 | 1999 | 2000 | +3 othersCzechy
72%
2002Słowacja
63%
1954 | 1956 | 1963 | +19 othersZSRR
58%
1936Wielka Brytania
46%
1947 | 1949 | 1972 | +3 othersCzechosłowacja
38%

Rozkład punktacji

Percentyl według liczby udzielonych odpowiedzi

Procent ludzi z każdym wynikiem

Twoja historia wyników

Nie rozwiązałeś tego quizu